LIBRARY & INFORMATION CENTRE, KCAET, TAVANUR

ONLINE PUBLIC ACCESS CATALOGUE (OPAC)

Operations research / (Record no. 1368)

MARC details
000 -LEADER
fixed length control field 00621cam a2200241ua 4500
041 ## - LANGUAGE CODE
Language code of text/sound track or separate title eng
082 ## - DEWEY DECIMAL CLASSIFICATION NUMBER
Classification number 658.4034
Item number HIL/OP
100 ## - MAIN ENTRY--AUTHOR NAME
Personal name Hillier, Frederick S .
245 ## - TITLE STATEMENT
Title Operations research /
250 ## - EDITION STATEMENT
Edition statement 2 /
260 ## - PUBLICATION, DISTRIBUTION, ETC. (IMPRINT)
Place of publication New Delhi :
Name of publisher C B S Publishers & Distributers ,
Year of publication 1994.
300 ## - PHYSICAL DESCRIPTION
Number of Pages 800 ; .
700 1# - ADDED ENTRY--PERSONAL NAME
Personal name Lieberman, Gerald J .
942 ## - ADDED ENTRY ELEMENTS (KOHA)
Koha item type Books
Holdings
Withdrawn status Lost status Damaged status Home library Current library Date acquired Full call number Accession Number Koha item type Shelving location
      KAUAET KAUAET 07/04/2012 658.4034 19200 Books  
      KAUAET KAUAET 07/04/2012 658.4034 19851 Books Binding Shelf
      KAUAET KAUAET 07/04/2012 658.4034 19199 Books  
      KAUAET KAUAET 07/04/2012 658.4034 HIL/OP 19057 Books  
      KAUAET KAUAET 07/04/2012 658.4034 19198 Books  
free website counter